000 00694nam a2200253 i 4500
001 C2-0293049
003 PPAK
005 20180728025023.0
008 090114s2008 my a|||| ||||| | may d
020 _a9789833653867
040 _aPPAK
_beng
_cPPAK
_erda
082 0 4 _a899.233
_223
090 0 0 _a899.233
_bAIN
_dG
100 0 _aAin Maisarah,
_eauthor
245 1 0 _aAku mahu saiz S
264 1 _aBatu Caves, Selangor :
_bPTS One Sdn. Bhd. ,
_c2008
300 _a245 pages :
_billustrations ;
_c20 cm
336 _2rdacontent
_atext
337 _2rdamedia
_aunmediated
338 _2rdacarrier
_avolume
650 1 0 _aMalay fiction.
700 0 _aMazlia Murat,
_eeditor
942 _ddc
_cB
999 _c97873
_d97873